Miraculous: Ladybug Superheroes by Picture - Statistics

General Stats
  • This quiz has been taken 301 times
  • The average score is 11 of 16
Answer Stats
Picture Answer % Correct
Ladybug
100%
Cat Noir
95%
Lady Noir
91%
Queen Bee
90%
Rena Rouge
84%
Carapace
76%
Mister Bug
71%
Bunnyx
59%
Bug Noir
56%
Viperion
55%
Pigella
54%
Pegasus
50%
King Monkey
45%
Purple Tigress
45%
Ryuko
44%
Caprikid
38%
No matching quizzes found
Score Distribution
Percent of People with Each Score
Percentile by Number Answered
Your Score History
You have not taken this quiz